Państwa graniczące z Azerbejdżanem - Statystyki

Ogólne statystyki
  • Ten quiz został rozwiązany 35 razy
  • Średni wynik to 5 z 5
Statystyki odpowiedzi
Długość granicy Państwo % Poprawnych
1007 km Armenia
97%
390 km Rosja
97%
480 km Gruzja
93%
15 km Turcja
93%
756 km Iran
90%
Nie znaleziono quizów pasujących do podanych kryteriów
Rozkład punktacji
Procent ludzi z każdym wynikiem
Percentyl według liczby udzielonych odpowiedzi
Twoja historia wyników
Nie rozwiązałeś tego quizu